Catálogo público

Estados Unidos : perfil del mercado hispano en el sureste / (Record no. 174501)

MARC details
000 -CABECERA
campo de control de longitud fija 00753nam a2200241Ia 4500
001 - NÚMERO DE CONTROL
campo de control dia_3893
003 - IDENTIFICADOR DEL NÚMERO DE CONTROL
campo de control CHAP
005 - FECHA Y HORA DE LA ÚLTIMA TRANSACCIÓN
campo de control 20251029155125.0
008 - DATOS DE LONGITUD FIJA--INFORMACIÓN GENERAL
campo de control de longitud fija 220117s1999 xx 000 0 und d
010 ## - NÚMERO DE CONTROL DE LA BIBLIOTECA DEL CONGRESO
Número de control de LC 174501
040 ## - FUENTE DE LA CATALOGACIÓN
Centro/agencia transcriptor CHAP
Centro catalogador/agencia de origen mxchpua
090 ## - LOCALMENTE ASIGNADO TIPO-LC NÚMERO DE CLASIFICACIÓN (OCLC); NÚMERO DE CLASIFICACIÓN LOCAL (RLIN)
Número de clasificación (OCLC) (R) ; Numero de clasificación, CALL (RLIN) (NR) FOLLETO 2629
100 ## - ENTRADA PRINCIPAL--NOMBRE DE PERSONA
Nombre de persona Banco Nacional de Comerico Exterior
9 (RLIN) 155524
245 ## - MENCIÓN DE TÍTULO
Título Estados Unidos : perfil del mercado hispano en el sureste /
Mención de responsabilidad, etc. Banco Nacional de Comercio Exterior
300 ## - DESCRIPCIÓN FÍSICA
Extensión 28 p.
500 ## - NOTA GENERAL
Nota general C/e \(Estudios y perfiles de mercadeo ; 447)
650 ## - PUNTO DE ACCESO ADICIONAL DE MATERIA--TÉRMINO DE MATERIA
Término de materia o nombre geográfico como elemento de entrada Mercado hispano
9 (RLIN) 155525
942 ## - ELEMENTOS DE PUNTO DE ACCESO ADICIONAL (KOHA)
Tipo de ítem Koha Folleto
Fuente del sistema de clasificación o colocación local
260 ## - PUBLICACIÓN, DISTRIBUCIÓN, ETC.
Lugar de publicación, distribución, etc. México :
Nombre del editor, distribuidor, etc. BANCOMEXT,
Fecha de publicación, distribución, etc. 1999
901 ## - ELEMENTOS DE DATOS A LOCAL LDA (RLIN)
a FOLLETO 2629
902 ## - ELEMENTOS DE DATOS B LOCAL, LDB (RLIN)
a M
905 ## - ELEMENTOS DE DATOS E LOCAL, LDE (RLIN)
a 0000001999 mx BM 0000000000spa00
Holdings
Estado de retiro Estado de pérdida Fuente del sistema de clasificación o colocación Estado dañado Restricciones de uso No para préstamo Código de colección Localización permanente Ubicación/localización actual Fecha de adquisición Fuente de adquisición Coste, precio normal de compra Total de préstamos Signatura topográfica completa Código de barras Fecha visto por última vez Número de copia Tipo de ítem Koha
    Clasificación Universidad Autónoma de Chapingo   Préstamo interno   Folletos Ingenieria Agroindustrial Ingenieria Agroindustrial 24/11/2000 Compra UACh F. 11146 / Res. (24-Nov-2000) 25.00   FOLLETO 2629 dia_FOLLETO 2629 18/01/2022 Ej. 1 Folleto